Transdisciplinary marine research : bridging science and society

Other Authors: Go?mez Mestres, Si?lvia, Ko?psel, Vera
Published: New York, USA: Routledge, [2023]
Subjects:
LEADER 01045cam a2200301 7i4500
001 0000156228
005 20250323090000.0
008 250323t20232023xxua ### #00001eng##
020 # # |a 9781032317601  
040 # # |a UMT   |b eng   |c UMT   |d Loc   |e rda 
090 0 # |a QH 541.5 .W3   |b T7 2023 
245 0 0 |a Transdisciplinary marine research :   |b bridging science and society   |c edited by Silvia Gomez and Vera Kopsel. 
264 # 4 |c ♭2023 
264 # 1 |a New York, USA:   |b Routledge,   |c [2023] 
300 # # |a xxiv, 294:   |b illustrations;   |c 24 cm 
336 # # |a text --   |2 rdacontent 
337 # # |a unmediated --   |2 rdamedia 
338 # # |a volume --   |2 rdacarrier 
504 # # |a Includes bibliographical references and index 
590 # # |a Fakulti Pengajian Maritim (FPM) 
591 # # |a Pameran Buku Ilmiah 2024 
650 # 0 |a Marine sciences  
650 # 0 |a Marine resources conservation  
650 # 0 |a Human ecology  
650 # 0 |a Aquatic ecology  
700 1 # |a Go?mez Mestres, Si?lvia  
700 1 # |a Ko?psel, Vera  
999 |a 1100117310  |b Book  |c Open Shelf  |e KOLEKSI TERBUKA